Hravé šteniatka
| Format: | Book |
|---|---|
| Language: | Slovak |
| Published: |
Bratislava
Egmont ČSFR
1991
|
| ISBN: | 8071340952 |
MARC
| LEADER | 00000nam a2200000 a 4500 | ||
|---|---|---|---|
| 001 | vtls001154457 | ||
| 003 | SK-MaSNL | ||
| 005 | 20260223170155.0 | ||
| 008 | 180129s1991 xo 0 slo | ||
| 020 | |a 8071340952 | ||
| 035 | |a SNK000097344 | ||
| 040 | |a SNK |b slo |c SNK |e AACR2 | ||
| 044 | |a xo |c SK | ||
| 245 | 1 | |a Hravé šteniatka | |
| 260 | |a Bratislava |b Egmont ČSFR |c 1991 | ||
| 919 | |a 80-7134-095-2 | ||
| 999 | |c 623286 |d 625216 | ||
| 952 | |t P60, <03>, [BOOK], {603} |a SNK |b SNK |y PREZ |7 0 |p 17A0151266 |o snkSD 64137 |i snkKSP 2761/92 |0 0 |1 0 |4 0 |d 1999-01-15 |l 0 |r 2005-01-01 00:00:00 |w 2026-02-23 | ||


